000 00760nam a2200193 i 4500
001 129521
003 ES-MaACL
005 20230906193522.0
007 t|
008 070625m19541956sp ||||1| spa d
100 1 _aTeschendorf, Werner.
_9109820
245 1 0 _aTratado de diagnóstico diferencial Roentgenológico /
_cWerner Teschendorf ; traducción de la tercera edición alemana por José Mª Plá Janini ; revisada por Vicente Carulla Riera.
260 _aBarcelona :
_bLabor,
_c[entre 1954-56]
300 _a2 t. :
_bil. ;
_c27 cm.
505 8 _aContiene: t. I. Enfermedades del Tórax. t. II. Enfermedades del Abdomen
700 1 _aPla Janini, José María.
_992495
700 1 _aCarulla, Vicente.
_935915
852 _aES-MaACL
_jC-11995-6
_bR.40038
999 _c129521
_d129521